| 000 | 01288nam a22003017a 4500 | ||
|---|---|---|---|
| 001 | 4654 | ||
| 003 | FISKH | ||
| 005 | 20240919151112.0 | ||
| 008 | 240919b cb ||||| |||| 00| 0 eng d | ||
| 040 |
_aFISKH _bKhmer _cFISKH _dFISKH |
||
| 050 | _aPZ7 | ||
| 082 | _a800 | ||
| 100 |
_aReaksmey, Am _eauthor |
||
| 245 |
_aទៅវត្ត / _cby Am Reaksmey |
||
| 250 | _aបោះពុម្ពលើកទី១ខែកក្កដាឆ្នាំ២០០៧ | ||
| 260 |
_aភ្នំពេញ : _b កិច្ចសហប្រតិបត្តិការអភិវឌ្ឍន៍ប៊ែលហ្ស៊ិក ; _c២០០៧ . |
||
| 300 |
_a8 pages : _bcolor illustrations ; _c25 cm . |
||
| 505 | _aC | ||
| 520 | _aពុកម៉ែរបស់ចែមរៀបចំទៅវត្ត តែម៉ែរបស់ចែមភ្លេចយកចែមមកជាមួយ ។ | ||
| 520 | _aChem's parents prepare to go to the pagoda, but his mother forgot to bring him with . | ||
| 521 | 8 |
_a160
_bLexile estimate |
|
| 521 | 8 |
_aC
_bRaz-Plus |
|
| 650 |
_aផ្លែឈើ _vរឿងនិទានកុមារ |
||
| 650 |
_afrutis _vchildren's stories |
||
| 700 |
_aRotha, Ouk _eillustrator |
||
| 942 |
_2ddc _cKHB _n0 |
||
| 999 |
_c4654 _d4654 |
||